000
00306nam a22001337a 4500
008
170214b xxu||||| |||| 00| 0 eng d
020
_a
0721683819
041
_a
eng
080
_2
3RD
_a
61
100
_a
4
101
_a
SHM
245
_a
RECOGNIZABLE PATTERNS OF HUMAN MALFORMATION
_c
SMITH
942
_2
udc
_c
BK
999
_c
5388
_d
5388